00936nam a2200253 a 450000100100000000500170001000800410002702000150006804000250008308200210010810000330012924000330016224500900019525000110028526000300029630000210032649000230034750000730037050400320044370000410047583000300051695201190054699900170066500004274720201002040352.0140206s1992 sp 000 0 spa d a8437607647 aDO-SdBNPbspacBNPHU axxxbC539c, 19921 aChion, Michel,c1947-97006810aÉcrire un scénario.leng10aComo se escribe un guión /cMichel Chion ; traducción de Dolores Jiménez Plaza. a4. ed. aMadrid :bCatedra,c1992. a219 p. ;c22 cm.1 aSigno e imagenv11 aIncluye referencias bibliográficas y notas al pie de las páginas aBibliografía : p. 211-21912aJiménez Plaza, Doloresetr.970069 0aSigno e imagenn11970070 001050718MOaGRbGRcCTd2014-02-06iLF1l0oxxx C539c, 1992p42747-10r2020-06-25w2020-06-25y1ZNo se presta c42236d42236